<?xml version="1.0" encoding="UTF-8"?>
<record
    xmlns:xsi="http://www.w3.org/2001/XMLSchema-instance"
    xsi:schemaLocation="http://www.loc.gov/MARC21/slim http://www.loc.gov/standards/marcxml/schema/MARC21slim.xsd"
    xmlns="http://www.loc.gov/MARC21/slim">

  <leader>02171cam a22004338c 4500</leader>
  <controlfield tag="001">24036828</controlfield>
  <controlfield tag="003">OSt</controlfield>
  <controlfield tag="005">20260513103705.0</controlfield>
  <controlfield tag="007">t|</controlfield>
  <controlfield tag="008">250220s2025    enk      b    001 0 eng  </controlfield>
  <datafield tag="010" ind1=" " ind2=" ">
    <subfield code="a">  2025002450</subfield>
  </datafield>
  <datafield tag="020" ind1=" " ind2=" ">
    <subfield code="a">9781292739137</subfield>
    <subfield code="q">paperback</subfield>
  </datafield>
  <datafield tag="035" ind1=" " ind2=" ">
    <subfield code="a">24036828</subfield>
  </datafield>
  <datafield tag="035" ind1=" " ind2=" ">
    <subfield code="a">(DLC)24036828</subfield>
  </datafield>
  <datafield tag="040" ind1=" " ind2=" ">
    <subfield code="a">DLC</subfield>
    <subfield code="b">eng</subfield>
    <subfield code="e">rda</subfield>
    <subfield code="c">DLC</subfield>
    <subfield code="d">DLC</subfield>
    <subfield code="d">DLC-MRC</subfield>
    <subfield code="d">MILA_ain</subfield>
  </datafield>
  <datafield tag="042" ind1=" " ind2=" ">
    <subfield code="a">pcc</subfield>
  </datafield>
  <datafield tag="050" ind1="0" ind2="0">
    <subfield code="a">HF5636</subfield>
    <subfield code="b">.E47 2025</subfield>
  </datafield>
  <datafield tag="100" ind1="1" ind2=" ">
    <subfield code="a">Elliott, Jamie</subfield>
    <subfield code="e">author</subfield>
    <subfield code="4">aut</subfield>
    <subfield code="4">http://id.loc.gov/vocabulary/relators/aut</subfield>
    <subfield code="0">http://id.loc.gov/authorities/names/nr93038139</subfield>
    <subfield code="1">http://id.loc.gov/rwo/agents/nr93038139</subfield>
  </datafield>
  <datafield tag="245" ind1="1" ind2="0">
    <subfield code="a">Financial accounting and reporting /</subfield>
    <subfield code="c">Jamie Elliott and Barry Elliott ; updated by Jo Watkins.</subfield>
  </datafield>
  <datafield tag="250" ind1=" " ind2=" ">
    <subfield code="a">Twenty-first edition.</subfield>
  </datafield>
  <datafield tag="263" ind1=" " ind2=" ">
    <subfield code="a">2504</subfield>
  </datafield>
  <datafield tag="264" ind1=" " ind2="1">
    <subfield code="a">Harlow, United Kingdom :</subfield>
    <subfield code="b">Pearson,</subfield>
    <subfield code="c">2025.</subfield>
  </datafield>
  <datafield tag="300" ind1=" " ind2=" ">
    <subfield code="a">pages cm</subfield>
  </datafield>
  <datafield tag="336" ind1=" " ind2=" ">
    <subfield code="a">text</subfield>
    <subfield code="b">txt</subfield>
    <subfield code="0">http://id.loc.gov/vocabulary/contentTypes/txt</subfield>
  </datafield>
  <datafield tag="337" ind1=" " ind2=" ">
    <subfield code="a">unmediated</subfield>
    <subfield code="b">n</subfield>
    <subfield code="0">http://id.loc.gov/vocabulary/mediaTypes/n</subfield>
  </datafield>
  <datafield tag="338" ind1=" " ind2=" ">
    <subfield code="a">volume</subfield>
    <subfield code="b">nc</subfield>
    <subfield code="0">http://id.loc.gov/vocabulary/carriers/nc</subfield>
  </datafield>
  <datafield tag="500" ind1=" " ind2=" ">
    <subfield code="a">Previous edition: 2022.</subfield>
  </datafield>
  <datafield tag="504" ind1=" " ind2=" ">
    <subfield code="a">Includes bibliographical references and index.</subfield>
  </datafield>
  <datafield tag="650" ind1=" " ind2="0">
    <subfield code="a">Accounting</subfield>
    <subfield code="0">http://id.loc.gov/authorities/subjects/sh85000411</subfield>
  </datafield>
  <datafield tag="650" ind1=" " ind2="0">
    <subfield code="a">Financial statements</subfield>
    <subfield code="0">http://id.loc.gov/authorities/subjects/sh85048313</subfield>
  </datafield>
  <datafield tag="700" ind1="1" ind2=" ">
    <subfield code="a">Elliott, Barry</subfield>
    <subfield code="e">author</subfield>
    <subfield code="4">http://id.loc.gov/vocabulary/relators/aut</subfield>
    <subfield code="1">http://id.loc.gov/rwo/agents/nr93038137</subfield>
  </datafield>
  <datafield tag="758" ind1=" " ind2=" ">
    <subfield code="1">http://id.loc.gov/resources/instances/24036828</subfield>
  </datafield>
  <datafield tag="758" ind1=" " ind2=" ">
    <subfield code="4">http://id.loc.gov/ontologies/bibframe/instanceOf</subfield>
    <subfield code="1">http://id.loc.gov/resources/works/24036828</subfield>
  </datafield>
  <datafield tag="776" ind1="0" ind2="8">
    <subfield code="i">Online version</subfield>
    <subfield code="4">http://id.loc.gov/entities/relationships/onlineversion</subfield>
    <subfield code="a">Elliott, Jamie</subfield>
    <subfield code="t">Financial accounting and reporting</subfield>
    <subfield code="b">Twenty-first edition</subfield>
    <subfield code="d">Harlow, United Kingdom : Pearson, 2025</subfield>
    <subfield code="z">9781292739144</subfield>
    <subfield code="w">(DLC) 2025002451</subfield>
  </datafield>
  <datafield tag="884" ind1=" " ind2=" ">
    <subfield code="a">DLC bibframe2marc v2.9.0</subfield>
    <subfield code="g">20250220125532.0</subfield>
    <subfield code="q">DLC</subfield>
    <subfield code="u">https://github.com/lcnetdev/bibframe2marc/releases/tag/v2.9.0</subfield>
  </datafield>
  <datafield tag="906" ind1=" " ind2=" ">
    <subfield code="a">7</subfield>
    <subfield code="b">cbc</subfield>
    <subfield code="c">orignew</subfield>
    <subfield code="d">1</subfield>
    <subfield code="e">ecip</subfield>
    <subfield code="f">20</subfield>
    <subfield code="g">y-gencatlg</subfield>
  </datafield>
  <datafield tag="942" ind1=" " ind2=" ">
    <subfield code="2">lcc</subfield>
    <subfield code="c">BK</subfield>
  </datafield>
  <datafield tag="999" ind1=" " ind2=" ">
    <subfield code="c">2661</subfield>
    <subfield code="d">2661</subfield>
  </datafield>
  <datafield tag="952" ind1=" " ind2=" ">
    <subfield code="0">0</subfield>
    <subfield code="1">0</subfield>
    <subfield code="2">lcc</subfield>
    <subfield code="4">0</subfield>
    <subfield code="7">0</subfield>
    <subfield code="a">MIUCL</subfield>
    <subfield code="b">MIUCL</subfield>
    <subfield code="c">GEN</subfield>
    <subfield code="d">2026-05-13</subfield>
    <subfield code="e">Emo Book Services Sdn Bhd</subfield>
    <subfield code="g">179.36</subfield>
    <subfield code="l">0</subfield>
    <subfield code="o">HF5636 .E47 2025</subfield>
    <subfield code="p">0003622</subfield>
    <subfield code="r">2026-05-13 10:38:21</subfield>
    <subfield code="v">179.36</subfield>
    <subfield code="w">2026-05-13</subfield>
    <subfield code="y">BK</subfield>
  </datafield>
</record>
